| Tag |
First Indicator |
Second Indicator |
Subfields |
| LEADER |
00000cam a2200000 i 4500 |
| 001 |
in00000055113 |
| 005 |
20151008052153.0 |
| 008 |
760130s1902 mauc 00110 eng d |
| 010 |
|
|
|a 04005476
|
| 035 |
|
|
|a (OCoLC)01956671
|
| 035 |
|
|
|9 AAH2032AM
|
| 040 |
|
|
|a PKT
|c PKT
|d TXA
|d UtOrBLW
|
| 049 |
|
|
|a TXAM
|c [46871]
|
| 050 |
|
0 |
|a LC31
|b .H3 1902
|
| 092 |
|
|
|a 374
|b H215i
|
| 100 |
1 |
|
|a Hamerton, Philip Gilbert,
|d 1834-1894.
|
| 245 |
1 |
4 |
|a The intellectual life /
|c by Philip Gilbert Hamerton.
|
| 250 |
|
|
|a Laneside ed.
|
| 264 |
|
1 |
|a Boston :
|b Little, Brown,
|c 1902.
|
| 300 |
|
|
|a xvi, 466 pages :
|b portrait ;
|c 20 cm.
|
| 336 |
|
|
|a text
|b txt
|2 rdacontent
|
| 337 |
|
|
|a unmediated
|b n
|2 rdamedia
|
| 338 |
|
|
|a volume
|b nc
|2 rdacarrier
|
| 650 |
|
0 |
|a Self-culture.
|
| 650 |
|
0 |
|a Conduct of life.
|
| 999 |
|
|
|a MARS
|
| 999 |
f |
f |
|s 22d9a631-e404-382c-ba09-e36f1d097304
|i 85e55dce-7ae3-3ecb-8ef6-2bd639208924
|t 0
|
| 952 |
f |
f |
|p normal
|a Texas A&M University
|b College Station
|c Sterling C. Evans Library
|d Evans: Library Stacks
|t 0
|e LC31 .H3 1902
|h Library of Congress classification
|i unmediated -- volume
|m A14800856814
|
| 998 |
f |
f |
|a LC31 .H3 1902
|t 0
|l Evans: Library Stacks
|